កុមារី ហីឌី : (Record no. 9043)
[ view plain ]
| 000 -LEADER | |
|---|---|
| fixed length control field | 02893nam a22003017a 4500 |
| 001 - CONTROL NUMBER | |
| control field | 9043 |
| 003 - CONTROL NUMBER IDENTIFIER | |
| control field | FISKH |
| 005 - DATE AND TIME OF LATEST TRANSACTION | |
| control field | 20251117140816.0 |
| 008 - FIXED-LENGTH DATA ELEMENTS--GENERAL INFORMATION | |
| fixed length control field | 251117b cb ||||| |||| 00| 0 eng d |
| 020 ## - INTERNATIONAL STANDARD BOOK NUMBER | |
| International Standard Book Number | 9789996301377 |
| 040 ## - CATALOGING SOURCE | |
| Original cataloging agency | FISKH |
| Language of cataloging | khr |
| Transcribing agency | FISKH |
| Modifying agency | FISKH |
| 082 ## - DEWEY DECIMAL CLASSIFICATION NUMBER | |
| Classification number | 833.912 |
| 100 ## - MAIN ENTRY--PERSONAL NAME | |
| Personal name | Sotheary, Kimsun |
| 245 ## - TITLE STATEMENT | |
| Title | កុមារី ហីឌី : |
| Remainder of title | Heidi girl / |
| Statement of responsibility, etc. | រៀបរៀងដោយ អ្នកស្រី គឹមស៊ុន សុធារី |
| 260 ## - PUBLICATION, DISTRIBUTION, ETC. | |
| Place of publication, distribution, etc. | ភ្នំពេញ : |
| Name of publisher, distributor, etc. | Reading Books , |
| Date of publication, distribution, etc. | 2011. |
| 300 ## - PHYSICAL DESCRIPTION | |
| Extent | 28 pages : |
| Other physical details | color illustrations ; |
| Dimensions | 25 cm . |
| 490 ## - SERIES STATEMENT | |
| Series statement | ពិភពរឿងនិទាន |
| 505 ## - FORMATTED CONTENTS NOTE | |
| Formatted contents note | K <br/> |
| 520 ## - SUMMARY, ETC. | |
| Summary, etc. | ហីឌី ជាក្មេងកំព្រា នាងមានអាយុប្រាំឆ្នាំ ។ ក្រោយមកក៏មានលោកតាយម្នាក់យកនាងទៅចិញ្ចឹម ។ ថ្ងៃមួយពេលនាងភ្ញាក់ពីគេងក៏ឃើញ ព្យែ ជាអ្នកគង្វាលពពែ លោកតាក៏អោយនាងទៅឃ្វាលពពែជាមួយ ព្យែ ។ ថ្ងៃមួយនាងក៏បានផ្លាស់ទៅនៅទីក្រុងដើម្បីធ្វើជាមិត្រកុមារីពិការជើងម្នាក់ឈ្មោះគ្លែ ហើយនាងក៏បានចូលរៀនផងដែរ ។ ដោយសារការនឹករលឹករបស់ហីឌីមកកាន់លោកតា ឪពុករបស់គ្លែក៏នាំហីឌីមកនៅជាមួយលោកតាវិញ ។ ប៉ុន្មានខែក្រោយមកគ្លែក៏មានសុខភាពល្អអាចដើរបាន ហើយនាងក៏បានមករស់នៅជាមួយហីឌីនិងព្យែយ៉ាងសប្បាយរីករាយ ។ |
| 520 ## - SUMMARY, ETC. | |
| Summary, etc. | Heidi is an orphan girl who is five years old. Later, an old grandfather takes her in and raises her. One day, when she wakes up, she meets Pierre, a goat herder, and her grandfather lets her go herd the goats with him. One day, she moves to the city to become a companion to a disabled girl named Clara, and she also begins attending school. Because Heidi misses her grandfather very much, Clara’s father brings Heidi back to live with him again. A few months later, Clara becomes healthy and is able to walk, and she comes to live happily with Heidi and Pierre . |
| 521 8# - TARGET AUDIENCE NOTE | |
| Target audience note | 520 <br/> |
| Source | Lexile estimate <br/> |
| 521 8# - TARGET AUDIENCE NOTE | |
| Target audience note | K <br/> |
| Source | Raz-Plus <br/> |
| 650 ## - SUBJECT ADDED ENTRY--TOPICAL TERM | |
| Topical term or geographic name entry element | កុមារីហីឌី |
| Form subdivision | រឿងនិទានកុមារ |
| 650 ## - SUBJECT ADDED ENTRY--TOPICAL TERM | |
| Topical term or geographic name entry element | Heidi girl |
| Form subdivision | Children's Stories |
| 700 ## - ADDED ENTRY--PERSONAL NAME | |
| Personal name | Sothear, In |
| Relator term | Illustrator |
| 942 ## - ADDED ENTRY ELEMENTS (KOHA) | |
| Source of classification or shelving scheme | Dewey Decimal Classification |
| Koha item type | Khmer Books |
| Suppress in OPAC | No |
| Withdrawn status | Lost status | Source of classification or shelving scheme | Damaged status | Not for loan | Collection | Home library | Current library | Shelving location | Date acquired | Total Checkouts | Full call number | Barcode | Date last seen | Price effective from | Koha item type |
|---|---|---|---|---|---|---|---|---|---|---|---|---|---|---|---|
| Dewey Decimal Classification | Khmer-English Bilingual / ភាសាខ្មែរ-អង់គ្លេស | Footprints International School Library Network Toul Tom Poung Campus | Footprints International School Library Network Toul Tom Poung Campus | TTP Primary Khmer Bookshelves | 11/17/2025 | SOT 833.912 | FISBK03725 | 11/17/2025 | 11/17/2025 | Khmer Books |
